[Event "Athens Stamatopoulos Memorial 1st"]
[Site "Athens"]
[Date "2018.12.05"]
[Round "6"]
[White "Stamatiou, Rodolfos"]
[Black "Hadzopoulos, Antonios"]
[Result "1-0"]
[WhiteElo "1820"]
[BlackElo "1878"]
[PlyCount "75"]
[EventDate "2018.10.31"]
[EventType "swiss"]
[EventRounds "7"]
[EventCountry "GRE"]
[SourceTitle "EXT 2020"]
[Source "ChessBase"]
[SourceDate "2019.10.17"]
[SourceVersion "1"]
[SourceVersionDate "2019.10.17"]
[SourceQuality "1"]

1. e4 e6 2. d4 d5 3. Bd3 Nf6 4. e5 Nfd7 5. c3 c5 6. Ne2 Nc6 7. 0-0 Be7 8. f4 0-0 9. Nd2 a6 10. Nf3 b5 11. Bc2 b4 12. Qd3 g6 13. Ng5 Bxg5 14. fxg5 a5 15. Qh3 Ba6 16. Bd3 Bxd3 17. Qxd3 Qe7 18. Qh3 Rfc8 19. Be3 a4 20. dxc5 bxc3 21. bxc3 Nxc5 22. Qh6 Ne4 23. c4 Nd8 24. cxd5 exd5 25. Rad1 Ne6 26. Rxd5 Rc2 27. Nd4 Rxa2 28. Nxe6 Qxe6 29. Rd4 Qg4 30. Qh3 Qxh3 31. gxh3 Nc3 32. Rd7 Rf8 33. Bc5 Rc8 34. Rdxf7 Re2 35. Bd4 Ne4 36. e6 Nd6 37. Rg7+ Kh8 38. Rxg6+ 1-0